| 000 | 00382nam a2200145Ia 4500 | ||
|---|---|---|---|
| 008 | 150201s2004 xx 000 0 und d | ||
| 082 |
_a612 _bP2004K |
||
| 100 | _aKAPOOR,RAJ | ||
| 245 | _aPHYSIOLOGY PRACTICAL MANUAL FOR DENTAL STUDENTS | ||
| 250 | _a1ST | ||
| 260 |
_bC.B.S PUBLISHERS & DISTRIBUTERS _aDELHI _c2004 |
||
| 300 | _a1-184 | ||
| 650 | _aPHYSIOLOGY | ||
| 942 |
_2ddc _cBK _01 |
||
| 999 |
_c3534 _d3534 |
||